| 000 | 00380nam a2200133Ia 4500 | ||
|---|---|---|---|
| 008 | 240624s9999 xx 000 0 und d | ||
| 041 | _aeng | ||
| 082 | _a332.63221 JOH | ||
| 100 | _aJOHNSON R STAFFORD | ||
| 245 | _aEQUITY MARKETS AND PORTFOLIO ANALYSIS | ||
| 260 |
_c2014 _aNew Jersey _bBloomberg Press/John Wiley & Sons |
||
| 300 | _axiii, : 706 : p. : cm. ; 26 | ||
| 365 |
_c _b25 |
||
| 999 |
_c23462 _d23462 |
||